000 00678nam a2200253 i 4500
001 C2-0276019
003 PPAK
005 20180728004622.0
008 061109s enka|||| ||||| | eng d
020 _a0710509103
040 _aPPAK
_beng
_cPPAK
_erda
082 0 4 _a398.2
_223
090 0 0 _a398.2
_bLIT
_dK
245 0 4 _aThe little mermaid
264 1 _aBridlington, United Kingdom :
_bPeter Haddock ,
300 _a[18 pages] :
_bcolour illustrations ;
_c16 cm
336 _2rdacontent
_atext
337 _2rdamedia
_aunmediated
338 _2rdacarrier
_avolume
490 1 _aThe forever series
650 1 0 _aTales.
830 0 _aThe forever series
942 _ddc
_cB
999 _c83591
_d83591